Zhodnotenie finančnej situácie podniku bakalárska práca

Gespeichert in:
Bibliographische Detailangaben
1. Verfasser: Kaselyová, Kristína
Körperschaft: Podnikovohospodárska fakulta EU so sídlom v Košiciach. Katedra finančného riadenia podniku
Weitere Verfasser: Feranecová, Adela, 1986-
Format: Buch
Sprache:Slowakisch
Veröffentlicht: Košice 2016
Tags: Tag hinzufügen
Keine Tags, Fügen Sie das erste Tag hinzu!

MARC

LEADER 00000nbm a2200000 4500
001 0217641
005 20161212135958.4
041 0 |a slo 
044 |a SK 
245 1 0 |a Zhodnotenie finančnej situácie podniku  |b bakalárska práca  |c Kristína Kaselyová ; školiteľ: Adela Feranecová 
264 1 |a Košice  |c 2016 
300 |a 59 s. 
100 1 |a Kaselyová, Kristína 
700 1 |a Feranecová, Adela, 1986- 
710 2 |a Podnikovohospodárska fakulta EU so sídlom v Košiciach. Katedra finančného riadenia podniku